Zoom /
Guardado en:
| Autor Principal: | |
|---|---|
| Formato: | Libro |
| Publicado: |
Buenos Aires :
Fondo de Cultura Económica,
2013
|
| Edición: | 1a. reimp. |
| Series: | Los Especiales de A la orilla del viento
|
| Materias: | |
| Etiquetas: |
Agregar Etiqueta
Sin Etiquetas, Sea el primero en etiquetar este registro!
|
| LEADER | 00901nam a22002655a 4500 | ||
|---|---|---|---|
| 001 | CEM.cems015486 | ||
| 008 | 130507s2013##################000#0#####d | ||
| 005 | 20240305155022.0 | ||
| 245 | 1 | 0 | |a Zoom / |c Istvan Banyai |
| 250 | |a 1a. reimp. | ||
| 260 | |a Buenos Aires : |b Fondo de Cultura Económica, |c 2013 | ||
| 300 | |a 68 p. | ||
| 490 | 0 | |a Los Especiales de A la orilla del viento | |
| 020 | |a 9789505578085 | ||
| 100 | 1 | |a Banyai, Istvan | |
| 082 | 0 | 4 | |a 891.863 |
| 653 | |a Literatura | ||
| 653 | |a Literatura alemana | ||
| 653 | |a Literatura infantil | ||
| 653 | |a Cuentos infantiles | ||
| 653 | |a Colección ciencias de la educación | ||
| 653 | |a Libro Álbum | ||
| 859 | |a CEMS |b BIB. CEMS - Inicial y Primaria |h 891.863 |i B228 |k IP |p 4724 |t Ej. 1 | ||
| 859 | |a CEMS |b BIB. CEMS - Ccias. Educacion |h 891.863 |i B228 |k CE |p 28863.19 |t Ej.1 | ||
| 859 | |a CEMS |b BIB. CEMS - Inicial y Primaria |h 891.863 |i B228 |k IP |p 3959 |t Ej.2 | ||
